Danske byer med billeder - Statistics

General Stats
  • This quiz has been taken 145 times
  • The average score is 7 of 15
Answer Stats
Picture Answer % Correct
København
93%
Aalborg
72%
Odense
70%
Roskilde
70%
Århus
60%
Randers
41%
Vordingborg
36%
Silkeborg
35%
Helsingør
34%
Viborg
34%
Herning
33%
Svendborg
31%
Næstved
20%
Svaneke
20%
Kalundborg
5%
No matching quizzes found
Score Distribution
Percent of People with Each Score
Percentile by Number Answered
Your Score History
You have not taken this quiz